00962cam a22002651 4500001001300000003000400013005001700017008004100034010001700075035001900092040002600111042001200137050002300149100003000172245006100202260008200263300002500345490006600370500007000436504003000506650004100536650003700577810006500614999001700679gs 40000021 DLC20260227111345.0790611s1939 laua b s000 0 eng  ags 40000021  a(OCoLC)5054076 aDLCcTxCMdOCoLCdDLC apremarc00aQE117b.A22 no. 151 aHuner, J.q(John),d1912-10aGeology of Caldwell and Winn Parishes,cby J. Huner, Jr. aNew Orleans, La.,bDept. of Conservation, Louisiana Geological Survey,c1939. axvii, 356 p.billus.1 aLouisiana. Dept. of Conservation. Geological bulletinvno. 15 aAt head of title: State of Louisiana. Department of Conservation. aBibliography: p. 325-337. 0aGeologyzLouisianazCaldwell Parish. 0aGeologyzLouisianazWinn Parish.2 aLouisiana Geological Survey.tGeological bulletin ;vno. 15. c27606d27606